[Event "Ustron op-C"]
[Site "Ustron"]
[Date "2021.08.14"]
[Round "1"]
[White "Baczek, Wojciech"]
[Black "Tsiapko, Andrii"]
[Result "0-1"]
[WhiteElo "1196"]
[BlackElo "1558"]
[PlyCount "40"]
[EventDate "2021.08.13"]
[EventType "swiss"]
[EventRounds "9"]
[EventCountry "POL"]
[SourceTitle "EXT 2022"]
[Source "ChessBase"]
[SourceDate "2021.10.06"]
[SourceVersion "1"]
[SourceVersionDate "2021.10.06"]
[SourceQuality "1"]

1. e4 c5 2. Nf3 Nc6 3. Bc4 g6 4. d4 cxd4 5. Nxd4 Bg7 6. Be3 Nf6 7. Nc3 0-0 8. f3 Qb6 9. Qd2 Nxe4 10. Nxc6 Nxd2 11. Nxe7+ Kh8 12. Bxb6 Nxc4 13. Bc5 d6 14. Bb4 a5 15. Bxd6 Nxd6 16. 0-0-0 Nf5 17. Rhe1 Be6 18. Nxf5 Bxf5 19. Nb5 Rac8 20. c3 Bh6+ 0-1